000 00572nam a2200169Ia 4500
001 17869
003 IN-NITTTR
005 20251114233209.0
008 251113s9999||||xx |||||||||||||| ||eng||
040 _beng
040 _cIN-NITTTR
041 _aeng
082 _a005.133 H734C
100 _aHolmes, B. J.
245 0 _aComplete text on BASIC PROGRAMMING                                                                                       a c /
_cHolmes, B. J.
942 _2ddc
_cBK
999 _c20503
_d20503